000 00776cab a2200253 4500
001 WB2832-62
008 090401t1992 xxu||||| |||| 00| 0 eng d
035 _a(Sirsi) u233
041 _aeng
245 _aLand prices tumbling
260 _c1992
350 _a0
490 _aScotsman
_v19 August 1992, 20(1)
520 _aFarmland in Scotland has fallen to half its 1988 value according to a report by Savills, with corresponding falls reported south of the border by agents Dreweatt Neate. EC reform is blamed for uncertainty in the market.
650 _aBEEF QUOTAS
650 _aFARMLAND
650 _aLAND VALUES
650 _aLESS FAVOURED AREAS
650 _aSHEEP QUOTAS
690 _aLAND
690 _aRURAL PRACTICE
942 _n0
948 _c04/03/1997
999 _c92
_d92